| 000 | 00497nam a2200217Ia 4500 | ||
|---|---|---|---|
| 003 | 0100 | ||
| 008 | 130303s9999 xx 000 0 und d | ||
| 040 | _cARRUPELIB | ||
| 050 | _aBL2400.O15 1981 | ||
| 100 | _aO'Donohue, John | ||
| 245 | _aSpirits and magic | ||
| 245 | _ba critical look | ||
| 260 | _aEldoret | ||
| 260 | _bGaba Publications | ||
| 260 | _C1981 | ||
| 300 | _aii | ||
| 300 | _b 51p. 21cm. | ||
| 440 | _aSpearhead No. 68 | ||
| 650 | _bPhilosophy -history | ||
| 942 | 0 | 0 | _04 |
| 999 |
_c25960 _d25960 |
||